| Tag |
First Indicator |
Second Indicator |
Subfields |
| LEADER |
00000cam a2200000 a 4500 |
| 001 |
in00001522921 |
| 005 |
20151021170305.0 |
| 008 |
000216s1997 enk b 001 0 eng |
| 010 |
|
|
|a 96039520
|
| 015 |
|
|
|a GB97-56678
|
| 019 |
|
|
|a 37607240
|
| 020 |
|
|
|a 1855216868
|
| 035 |
|
|
|a (OCoLC)35865406
|
| 040 |
|
|
|a DLC
|c DLC
|d FCI
|d UKM
|d TXA
|d UtOrBLW
|
| 049 |
|
|
|a TXAM
|
| 050 |
0 |
0 |
|a K574
|b .I58 1997
|
| 082 |
0 |
0 |
|a 340
|2 21
|
| 245 |
0 |
0 |
|a Interpreting precedents :
|b a comparative study /
|c edited by D. Neil MacCormick and Robert S. Summers.
|
| 264 |
|
1 |
|a Aldershot ;
|a Brookfield, Vt. :
|b Ashgate/Dartmouth,
|c [1997]
|
| 264 |
|
4 |
|c ©1997
|
| 300 |
|
|
|a xi, 585 pages ;
|c 24 cm.
|
| 336 |
|
|
|a text
|b txt
|2 rdacontent
|
| 337 |
|
|
|a unmediated
|b n
|2 rdamedia
|
| 338 |
|
|
|a volume
|b nc
|2 rdacarrier
|
| 490 |
1 |
|
|a Applied legal philosophy
|
| 504 |
|
|
|a Includes bibliographical references and index.
|
| 650 |
|
0 |
|a Stare decisis.
|
| 650 |
|
0 |
|a Law
|x Interpretation and construction.
|
| 650 |
|
7 |
|a Précédents (droit)
|2 ram
|
| 650 |
|
7 |
|a Droit
|x Intérprétation.
|2 ram
|
| 700 |
1 |
|
|a MacCormick, Neil.
|
| 700 |
1 |
|
|a Summers, Robert S.
|
| 830 |
|
0 |
|a Applied legal philosophy.
|
| 994 |
|
|
|a E0
|b TXA
|
| 948 |
|
|
|a cataloged
|b h
|c 2000/4/26
|d c
|e creed
|f 1:07:27 pm
|
| 999 |
|
|
|a MARS
|
| 999 |
f |
f |
|s ac50cc91-fec1-3c8f-b197-0995f3115564
|i 80756b93-f528-34b0-982c-36070fc6dde7
|t 0
|
| 952 |
f |
f |
|p normal
|a Texas A&M University
|b College Station
|c Sterling C. Evans Library
|d Evans: Library Stacks
|t 0
|e K574 .I58 1997
|h Library of Congress classification
|i unmediated -- volume
|m A14826110040
|
| 998 |
f |
f |
|a K574 .I58 1997
|t 0
|l Evans: Library Stacks
|